Quan niệm của Các Mác về tha hóa và ý nghĩa của quan niệm đó đối với phát triển con người Việt Nam hiện nay : (Sách chuyên khảo)
Tài liệu gồm 3 chương: chương 1: Cơ sở lý luận và thực tiễn quan niệm của C.Mác về tha hóa; chương 2: Sự phân tích của C.Mác về các hình thức tha hóa và con đường khắc phục tha hóa để phát triển con người; chương 3: Vận dụng quan niệm...
Kaydedildi:
| Yazar: | |
|---|---|
| Materyal Türü: | Kitap |
| Dil: | Undetermined |
| Baskı/Yayın Bilgisi: |
Hà Nội
Chính trị quốc gia
2010
|
| Konular: | |
| Etiketler: |
Etiketle
Etiket eklenmemiş, İlk siz ekleyin!
|
| Thư viện lưu trữ: | Trung tâm Học liệu Trường Đại học Cần Thơ |
|---|
| LEADER | 01326nam a2200217Ia 4500 | ||
|---|---|---|---|
| 001 | CTU_177452 | ||
| 008 | 210402s9999 xx 000 0 und d | ||
| 020 | |c 42000 | ||
| 082 | |a 172 | ||
| 082 | |b H527 | ||
| 100 | |a Nguyễn, Thị Thanh Huyền | ||
| 245 | 0 | |a Quan niệm của Các Mác về tha hóa và ý nghĩa của quan niệm đó đối với phát triển con người Việt Nam hiện nay : | |
| 245 | 0 | |b (Sách chuyên khảo) | |
| 245 | 0 | |c Nguyễn Thị Thanh Huyền | |
| 260 | |a Hà Nội | ||
| 260 | |b Chính trị quốc gia | ||
| 260 | |c 2010 | ||
| 520 | |a Tài liệu gồm 3 chương: chương 1: Cơ sở lý luận và thực tiễn quan niệm của C.Mác về tha hóa; chương 2: Sự phân tích của C.Mác về các hình thức tha hóa và con đường khắc phục tha hóa để phát triển con người; chương 3: Vận dụng quan niệm của C.Mác về con đường khắc phục tha hóa để phát triển con người Việt Nam hiện nay cùng với nhiều tài liệu tham khảo khác. | ||
| 650 | |a Political ethics,Đạo đức chính trị | ||
| 904 | |i Hải | ||
| 980 | |a Trung tâm Học liệu Trường Đại học Cần Thơ | ||